| 000 | 01046nam a22002177a 4500 | ||
|---|---|---|---|
| 005 | 20080625100955.0 | ||
| 008 | 080625t xxu||||| |||| 00| 0 hin d | ||
| 010 | _aHIN-46151 | ||
| 020 | _c250.00 | ||
| 035 | _aHN-27406 | ||
| 037 | _bDBAD | ||
| 040 |
_adpl _bHN |
||
| 082 | _a759.954 / अग्रवा | ||
| 100 | _aअग्रवाल, श्यामबिहारी | ||
| 245 |
_aभारतीय चित्रकला का इतिहासः _cश्यामबिहारी अग्रवाल _bमध्यकालीन / |
||
| 260 |
_aइलाहाबाद _bरूपशिल्पी प्रकाशन _c1996 |
||
| 300 |
_aभा-2,198पृ _c22सेमी. |
||
| 700 | _aविश्वबन्धु व्यथित | ||
| 942 |
_cHN _2ddc _h759.954 _mअग्रवा |
||
| 999 |
_c13974 _d13974 |
||